00891nam a22002297a 450000500170000001000150001702000270003203500140005903700130007308200100008624501190009626000460021527000690026130000260033050000590035670000210041570000210043670000270045794200290048499900190051395201290053220180831113458.0 aENG-123943 a9780199478866c1395.00 aEN-107475 bDBAD/PUB a820.9 aText and tradition in early modern north india /ced..by Tyler Williams; Anshu Malhotra [and] John Stratton Hawley c2018aNew Delhi bOxford University Press a2/11, Ground Floor, Ansari Road, Daryaganj, bNew Delhi e110002 c22cm(Hb)axlii,448p.  aIt includes about the editors & contributors and index a Williams, Tyler a Malhotra, Anshu a Hawley, John Stratton cEN2ddch345.540231mTEX c156748d156748 001040718NFICaDBADbZLSd2018-08-31eDBAD/PUBg1395.00l0o345.540231TEXpEN-107475r2018-08-31 00:00:00t1v1395.00yEN